000 01284cam a2200493 4500
008 090401t1984 xxu||||| |||| 00| 0 eng d
020 _a0333321227
035 _a(Sirsi) u5162
041 _aeng
050 _a332.6324
100 _aFraser, W.D.
245 _aPrinciples of property investment and pricing
260 _aBasingstoke,Hants
_bMacmillan Educational
_c1984
300 _axii, 432p. ; 24cm.
350 _a16.5
650 _a1970S
650 _aPROPERTY-COMMERCIAL PROPERTY
650 _aDEVELOPMENT FINANCE
650 _aECONOMIC RENT
650 _aECONOMY
650 _aEQUITY SHARING
650 _aFINANCE
650 _aFINANCIAL INSTITUTIONS
650 _aGLOSSARY
650 _aGOVERNMENT INTERVENTION
650 _aJOINT VENTURES
650 _aPARTNERSHIPS
650 _aPORTFOLIO THEORY
650 _aPOST-WAR HISTORY
650 _aPROPERTY COMPANIES
650 _aPROPERTY DEVELOPMENT
650 _aPROPERTY MARKET
650 _aPROPERTY PRICING
650 _aRENT CONTROL
650 _aRENTAL VALUE
650 _aRISK
650 _aSALE AND LEASEBACK
650 _aSENSITIVITY ANALYSIS
650 _aSIDE-BY-SIDE SCHEMES
650 _aSTOCK MARKET
650 _aYIELDS
942 _n0
948 _c04/03/1997
999 _c86131
_d86131